[Event "9th Amplico Life Rapid"]
[Site "Warsaw POL"]
[Date "2009.12.19"]
[Round "2"]
[White "Gasik,P"]
[Black "Zherebukh,Y"]
[Result "1/2-1/2"]
[WhiteElo "2106"]
[BlackElo "2527"]
[EventDate "2009.12.19"]

1. c4 Nf6 2. Nc3 e6 3. e4 c5 4. e5 Ng8 5. Nf3 Nc6 6. d4 cxd4 7. Nxd4 Nxd4
8. Qxd4 Ne7 9. Be2 Nc6 10. Qe4 b6 11. O-O Bb7 12. Bf4 Bc5 13. Nb5 O-O 14.
Bd3 Qh4 15. Nd6 Bxd6 16. exd6 f5 17. Qe3 e5 18. Bg5 Qh5 19. f4 Rae8 20. c5
exf4 21. Qxf4 bxc5 22. Rae1 Nd4 23. Be7 Ne6 24. Bc4 Rf7 25. Rxe6 dxe6 26.
Bxe6 Kh8 27. Bxf7 Qxf7 28. Qxf5 Qg8 29. Qxc5 Bc8 30. Qxa7 Qe6 31. Qf2 h6
32. a4 Qe4 33. a5 Bd7 34. a6 Bc6 35. a7 Ra8 36. Re1 Qd5 37. Re2 Qd1+ 38.
Qf1 Qd4+ 39. Qf2 Qd1+ 40. Re1 Qd5 41. Rf1 Qe4 42. b4 Qxb4 43. Qe3 Qg4 44.
Qf2 Rxa7 45. Qf8+ Kh7 46. Qf5+ Qxf5 47. Rxf5 Ra1+ 48. Rf1 Ra2 49. Rf2 Ra1+
50. Rf1 Rxf1+ 51. Kxf1 Kg8 52. Kf2 g6 53. g3 Kf7 54. Ke3 h5 55. h4 Ke6 56.
Kf4 Kd7 57. Kg5 Be4 58. Kf6 Bc2 59. Ke5 Bb1 60. Bg5 Bc2 61. Be3 Bb1 1/2-1/2

[Event "9th Amplico Life Rapid"]
[Site "Warsaw POL"]
[Date "2009.12.19"]
[Round "2"]
[White "Jakubowski,K"]
[Black "Cubala,P"]
[Result "1-0"]
[WhiteElo "2502"]
[BlackElo "2096"]
[EventDate "2009.12.19"]

1. e4 c6 2. Ne2 d5 3. e5 Bg4 4. f3 Bh5 5. Nf4 Bg6 6. e6 Nf6 7. d4 Qd6 8.
exf7+ Kxf7 9. Nd3 Nh5 10. Ne5+ Ke8 11. g4 Nf6 12. Nc3 Nbd7 13. Bf4 Qb4 14.
a3 Qb6 15. Nxg6 hxg6 16. Qd3 Kf7 17. O-O-O e6 18. h4 c5 19. h5 gxh5 20. g5
c4 21. Qe3 Ne8 22. Bh3 Qc6 23. Rde1 1-0

[Event "9th Amplico Life Rapid"]
[Site "Warsaw POL"]
[Date "2009.12.19"]
[Round "2"]
[White "Krzywda,A"]
[Black "Socko,B"]
[Result "1/2-1/2"]
[WhiteElo "2159"]
[BlackElo "2643"]
[EventDate "2009.12.19"]

1. e4 e6 2. d4 d5 3. Nd2 Nf6 4. e5 Nfd7 5. Bd3 c5 6. c3 b6 7. Qe2 a5 8. Bb5
Be7 9. Ngf3 O-O 10. O-O a4 11. Qd1 Ba6 12. Qxa4 Bxb5 13. Qxb5 c4 14. b4 Na6
15. a4 Qc8 16. a5 Nab8 17. Re1 Qc6 18. Qxc6 Nxc6 19. a6 b5 20. Nb1 Rfb8 21.
Re2 Ra7 22. Bg5 Bf8 23. Rea2 Rb6 24. g4 h6 25. Be3 Ncb8 26. Kg2 Be7 27. h3
Kf8 28. Kg3 Ke8 29. Ne1 Rbxa6 30. Rxa6 Rxa6 31. Rxa6 Nxa6 32. Na3 Nc7 33.
h4 Nb6 34. Ng2 Na4 35. Bd2 Kd7 36. Nf4 Kc6 37. Nh5 Bf8 38. f4 g6 39. Nf6
Na6 40. h5 gxh5 41. gxh5 Nxb4 42. cxb4 c3 43. Be3 Bxb4 44. Nc2 Bf8 45. Ng4
b4 46. Nxb4+ Bxb4 47. Nxh6 Kd7 48. Nxf7 Ke7 49. Nd6 c2 50. f5 exf5 51.
Nxf5+ Kf7 52. h6 Kg6 53. e6 Nc3 54. Kg4 Ne4 55. Nh4+ Kh7 56. Bc1 Bd2 57.
Ba3 Bb4 58. Bc1 Bd2 59. Ba3 Bxh6 60. e7 c1=Q 61. Bxc1 Bxc1 62. Kf5 Ba3 63.
e8=Q Nd6+ 64. Ke6 Nxe8 65. Kxd5 Kh6 66. Ke6 Kg5 67. Nf3+ Kf4 68. Ne5 Ke4
69. Nc6 Nc7+ 70. Kd7 Nb5 71. Ke6 Bf8 72. Nd8 Nxd4+ 73. Kd7 Kd5 74. Nf7 Bb4
75. Nd8 Bd2 76. Nf7 Ne6 77. Nd8 Nc5+ 78. Kc7 Ba5+ 79. Kc8 Bb6 80. Nb7 Nd3
81. Kd7 Ne5+ 82. Kc8 Nf7 83. Kd7 Ne5+ 84. Kc8 Ke6 85. Nd8+ Ke7 86. Nc6+
Nxc6 87. Kb7 Kd6 88. Kxb6 1/2-1/2

[Event "9th Amplico Life Rapid"]
[Site "Warsaw POL"]
[Date "2009.12.19"]
[Round "2"]
[White "Puczylowski,M"]
[Black "Piorun,K"]
[Result "0-1"]
[WhiteElo "2084"]
[BlackElo "2475"]
[EventDate "2009.12.19"]

1. e4 g6 2. d4 Bg7 3. Nc3 c5 4. Nf3 cxd4 5. Nxd4 Nc6 6. Nde2 Nf6 7. g3 O-O
8. Bg2 Rb8 9. a4 b6 10. O-O Bb7 11. Nd5 e6 12. Ne3 d6 13. Rb1 Rc8 14. b3
Ne5 15. f4 Neg4 16. e5 Nxe3 17. Bxe3 Ng4 18. Bxb7 Nxe3 19. Qxd6 Qxd6 20.
exd6 Rxc2 21. Rf3 Rxe2 22. Ba6 Rd2 23. Rxe3 Bd4 24. Rbe1 Rd8 25. Kf1 Bxe3
26. Rxe3 R8xd6 27. Be2 Rc2 28. Ke1 h5 29. Kf2 Rdd2 30. Kf3 Kf8 31. h3 Ke7
32. g4 hxg4+ 33. hxg4 Kd6 34. Bc4 Rh2 35. Rd3+ Ke7 36. Kg3 Rcd2 37. Re3
Rdg2+ 38. Kf3 Rh3+ 0-1

[Event "9th Amplico Life Rapid"]
[Site "Warsaw POL"]
[Date "2009.12.19"]
[Round "2"]
[White "Maiorov,N1"]
[Black "Szczesniak,A"]
[Result "1-0"]
[WhiteElo "2511"]
[BlackElo "2097"]
[EventDate "2009.12.19"]

1. d4 Nf6 2. c4 c5 3. d5 e6 4. Nc3 exd5 5. cxd5 Bd6 6. Nf3 O-O 7. Bg5 Re8
8. e3 Bf8 9. Be2 d6 10. Nd2 a6 11. a4 Nbd7 12. O-O h6 13. Bh4 Rb8 14. Re1
Ne5 15. e4 Bd7 16. a5 b5 17. axb6 Rxb6 18. Qc2 Bb5 19. b3 Bxe2 20. Nxe2 Ng6
21. Bg3 Qb8 22. f3 Nh5 23. Bf2 Nhf4 24. Nxf4 Nxf4 25. Ra3 Be7 26. Nc4 Rb4
27. Rb1 Qb5 28. Bg3 g5 29. Rba1 Rb8 30. Ra5 Qd7 31. R1a3 Qb7 32. h4 Ra8 33.
hxg5 hxg5 34. Ne3 Rb5 35. Nf5 Bf8 36. Qa2 Rxa5 37. Rxa5 Qb6 38. Kh2 Qd8 39.
Rxa6 Rxa6 40. Qxa6 Qf6 41. Bxf4 gxf4 42. Qd3 Qh8+ 43. Kg1 Qa1+ 44. Qf1 Qc3
45. Qd1 Bg7 46. g3 Bd4+ 47. Kg2 Be5 48. gxf4 Bxf4 49. Kh3 Qf6 50. Qg1+ Kf8
51. Qg4 Qh8+ 52. Qh4 Qxh4+ 53. Kxh4 f6 54. Kg4 1-0

[Event "9th Amplico Life Rapid"]
[Site "Warsaw POL"]
[Date "2009.12.19"]
[Round "2"]
[White "Organisciak,W"]
[Black "Tomczak,J"]
[Result "0-1"]
[WhiteElo "2093"]
[BlackElo "2500"]
[EventDate "2009.12.19"]

1. e4 d5 2. exd5 Nf6 3. d4 Nxd5 4. Nf3 g6 5. Be2 Bg7 6. O-O O-O 7. Re1 Re8
8. Bg5 c5 9. Bb5 Bd7 10. Bxd7 Nxd7 11. c3 cxd4 12. Nxd4 Nc5 13. Na3 Qb6 14.
Nc4 Qa6 15. Ne3 Nc7 16. Nb3 Nd3 17. Re2 e5 18. Rd2 e4 19. Ng4 f5 20. Nh6+
Kf8 21. Nc1 Ne6 22. h4 Nec5 23. Nxd3 Nxd3 24. Qb3 Re6 25. Rad1 Bxh6 26.
Bxh6+ Kf7 27. Qd5 Qb6 28. Rxd3 exd3 29. Rxd3 Rae8 30. h5 Qc7 31. Bg5 Kf8
32. Bh6+ Kf7 33. Bg5 Kf8 34. Bh6+ Kg8 35. Bg5 Qc6 36. Qd4 Re4 37. Qxa7 Ra4
0-1

[Event "9th Amplico Life Rapid"]
[Site "Warsaw POL"]
[Date "2009.12.19"]
[Round "2"]
[White "Reimanis,R"]
[Black "Muzychuk,A"]
[Result "0-1"]
[WhiteElo "2112"]
[BlackElo "2532"]
[EventDate "2009.12.19"]

1. d4 Nf6 2. e3 e6 3. Bd3 c5 4. c3 b6 5. Ne2 Bb7 6. O-O Be7 7. f3 d5 8. Nd2
O-O 9. e4 Nc6 10. e5 Nd7 11. f4 cxd4 12. Nxd4 Nxd4 13. cxd4 f5 14. exf6
Nxf6 15. Qe2 Ne4 16. Nf3 Rc8 17. Be3 Bd6 18. Ng5 Qe7 19. Rac1 Rxc1 20. Bxc1
Nxg5 21. fxg5 Rxf1+ 22. Kxf1 g6 23. g3 e5 24. dxe5 Qxe5 25. Bf4 Qxe2+ 26.
Kxe2 Bc5 27. h4 Kf7 28. Be5 Bc6 29. Bh8 a5 30. b3 a4 31. bxa4 Bxa4 32. Be5
Ke6 33. Bh8 Bd6 34. Kf2 Bd1 35. Bd4 Bc7 36. Kg2 Bg4 37. Ba6 Kd6 38. Bd3 Kc6
39. a4 Bd6 40. Bb5+ Kc7 41. Be8 Bc5 42. Be5+ Kd8 43. Bf7 d4 44. Bc4 Ke7 45.
Kf1 Bd1 46. Bb5 Ke6 47. Bc7 Kf5 48. a5 bxa5 49. Bxa5 Ke4 50. Ke1 Bh5 51.
Bc6+ Kd3 52. Bd7 Bf3 53. Bb5+ Kc2 54. Ba4+ Kc1 55. Bd2+ Kb2 56. Bb5 Bd6 57.
Kf2 Be4 58. Ba4 Ka3 59. Bd1 Bb4 60. Ke2 Bf5 61. Bxb4+ Kxb4 62. Kd2 Kc4 63.
Bf3 Kc5 64. Bd1 Kd6 0-1

[Event "9th Amplico Life Rapid"]
[Site "Warsaw POL"]
[Date "2009.12.19"]
[Round "2"]
[White "Grabarczyk,M"]
[Black "Golek,J"]
[Result "1-0"]
[WhiteElo "2475"]
[BlackElo "2084"]
[EventDate "2009.12.19"]

1. d4 d5 2. c4 e6 3. Nf3 c6 4. Qc2 f5 5. g3 Nf6 6. Bg2 Bd6 7. Bf4 O-O 8.
O-O Qc7 9. e3 h6 10. c5 Bxf4 11. exf4 Nbd7 12. Ne5 Ne4 13. Nd2 Ndf6 14. h4
Re8 15. Nxe4 Nxe4 16. Kh2 Qe7 17. f3 Nf6 18. Rfe1 Nd7 19. Nd3 Qf6 20. Qc3
Nf8 21. b4 Re7 22. a4 g5 23. hxg5 hxg5 24. Rh1 Ng6 25. Kg1 gxf4 26. gxf4
Rg7 27. Kf2 Bd7 28. Rag1 Kf8 29. Bf1 Ke7 30. Ke3 Rag8 31. Rg5 Nf8 32. Rxg7+
Qxg7 33. Qe1 Qg3 34. Qxg3 Rxg3 35. Ne5 Be8 36. b5 Rg7 37. bxc6 bxc6 38. Ba6
Ng6 39. Rb1 Nh4 40. Rb7+ Kf8 41. Rxg7 Kxg7 42. Bb7 Ng2+ 43. Kd2 Nxf4 44.
Bxc6 Kf8 45. a5 Ng6 46. Nxg6+ Bxg6 47. Ke3 Ke7 48. Kf4 Bh5 49. Bb5 Kd8 50.
Ke5 Bxf3 51. Kxe6 Kc7 52. Kxf5 Be4+ 53. Ke5 Bg2 54. Kf4 Be4 55. Be2 Bc2 56.
Bf3 Kc6 57. Ke5 Bb3 58. Ke6 Bc4 59. Ke7 Kc7 60. Ke6 Kc6 61. Bh5 Bb3 62.
Be8+ Kc7 63. Bb5 Ba2 64. Bd3 Bb3 65. Ke5 Kc6 66. Kf4 Kc7 67. Ke3 Bd1 68.
Be2 Bc2 69. Kd2 Bf5 70. Bf3 Kc6 71. Ke3 Bc2 72. Bh5 Kc7 73. Be8 Bb3 74. Bb5
Bc2 75. Kd2 Be4 76. Kc3 Bf5 77. Kb4 Bg4 78. Bd3 Kc6 79. Bg6 Kc7 80. Be8 Bf3
81. Bb5 Bg4 82. c6 Kd6 83. c7 Bc8 84. Be2 Kc6 85. Bf1 Kxc7 86. Kc5 Be6 87.
Bg2 Bf7 88. Bxd5 Bg6 89. Bc6 Bf5 90. d5 Bg4 91. Be8 Kd8 92. Bf7 Kc7 93. Be6
Bf3 94. d6+ Kd8 95. Bd5 Be2 96. Kc6 Ba6 97. Be6 Bd3 98. Kb7 a6 99. Kc6 Bb5+
100. Kc5 Bf1 101. Bc4 Bg2 102. Bxa6 Bf3 103. Bb5 Bg2 104. a6 1-0

[Event "9th Amplico Life Rapid"]
[Site "Warsaw POL"]
[Date "2009.12.19"]
[Round "2"]
[White "Gritsak,O"]
[Black "Witek,T"]
[Result "1-0"]
[WhiteElo "2521"]
[BlackElo "2105"]
[EventDate "2009.12.19"]

1. Nf3 g6 2. c4 Bg7 3. Nc3 d6 4. d4 Nf6 5. Bg5 O-O 6. e3 c5 7. Be2 h6 8.
Bh4 Na6 9. O-O g5 10. Bg3 Nh5 11. Qd2 Nxg3 12. hxg3 f5 13. Rfd1 Be6 14.
Rac1 Qe8 15. b3 Nc7 16. dxc5 dxc5 17. Nd5 Rd8 18. Qa5 Nxd5 19. cxd5 Bxd5
20. Qxa7 f4 21. gxf4 gxf4 22. Rxd5 Rxd5 23. Bc4 e6 24. Bxd5 exd5 25. Qxc5
Qe4 26. exf4 Rxf4 27. Qc2 Qe7 28. Re1 Re4 29. Qd2 b5 30. Qxd5+ 1-0

[Event "9th Amplico Life Rapid"]
[Site "Warsaw POL"]
[Date "2009.12.19"]
[Round "2"]
[White "Kasparavicius,L"]
[Black "Bartel,Mat"]
[Result "0-1"]
[WhiteElo "2134"]
[BlackElo "2618"]
[EventDate "2009.12.19"]

1. d4 Nf6 2. Nf3 e6 3. e3 b6 4. Bd3 Bb7 5. O-O c5 6. b3 Nc6 7. Bb2 Be7 8.
dxc5 bxc5 9. Nbd2 d5 10. Qe2 O-O 11. Rad1 Nb4 12. Bb5 Qb6 13. c3 Na6 14.
Bd3 Rab8 15. c4 Nb4 16. Bb1 Rfd8 17. Ng5 h6 18. Nh3 Qc6 19. Nf4 g5 20. Nh5
d4 21. Nxf6+ Bxf6 22. Be4 Qc7 23. Bxb7 Qxb7 24. exd4 cxd4 25. Ne4 Bg7 26.
Nc5 Qc7 27. Nd3 Nxa2 28. f4 Rxb3 29. fxg5 hxg5 30. Qc2 Rdb8 31. Rf3 Nc3 32.
Rdf1 Qxc4 33. Rxf7 Rxb2 34. Nxb2 Ne2+ 0-1

[Event "9th Amplico Life Rapid"]
[Site "Warsaw POL"]
[Date "2009.12.19"]
[Round "2"]
[White "Sowul,B"]
[Black "Heberla,B"]
[Result "1-0"]
[WhiteElo "2101"]
[BlackElo "2515"]
[EventDate "2009.12.19"]

1. e4 c5 2. Nf3 e6 3. d4 cxd4 4. Nxd4 Nf6 5. Nc3 Nc6 6. Ndb5 Bc5 7. Bf4 O-O
8. Nd6 Qb6 9. Qd2 Bxf2+ 10. Kd1 Bd4 11. Na4 Qd8 12. Bd3 a6 13. c3 Ba7 14.
c4 Bd4 15. c5 b5 16. Nb6 Bxc5 17. Nxa8 e5 18. Be3 Bxd6 19. Nb6 Bb7 20. a4
Bb4 21. Qc2 Ng4 22. Nd5 Nxe3+ 23. Nxe3 Nd4 24. Qf2 Qh4 25. Qxh4 1-0

[Event "9th Amplico Life Rapid"]
[Site "Warsaw POL"]
[Date "2009.12.19"]
[Round "2"]
[White "Malisauskas,V"]
[Black "Wandzik,W"]
[Result "1/2-1/2"]
[WhiteElo "2483"]
[BlackElo "2092"]
[EventDate "2009.12.19"]

1. e4 d5 2. exd5 Qxd5 3. Nc3 Qa5 4. d4 Nf6 5. Nf3 c6 6. Ne5 Be6 7. Bd3 Nbd7
8. Nxd7 Bxd7 9. O-O O-O-O 10. Bd2 Bg4 11. Ne2 Qb6 12. b4 e6 13. a4 Bxe2 14.
Qxe2 Qxd4 15. Be3 Qg4 16. f3 Qxb4 17. Rfb1 Qa5 18. Bd2 Qc5+ 19. Be3 Qa5 20.
Bd2 Qc5+ 1/2-1/2

[Event "9th Amplico Life Rapid"]
[Site "Warsaw POL"]
[Date "2009.12.19"]
[Round "2"]
[White "Skogvall,M"]
[Black "Vovk,A"]
[Result "0-1"]
[WhiteElo "2100"]
[BlackElo "2512"]
[EventDate "2009.12.19"]

1. e4 c5 2. Nc3 Nc6 3. f4 g6 4. Nf3 Bg7 5. Bc4 e6 6. O-O Nge7 7. Qe1 Nd4 8.
Nxd4 cxd4 9. Nb5 O-O 10. e5 Qb6 11. Kh1 Nf5 12. g4 Qc6+ 13. Kg1 Qxc4 14.
Na3 Qc6 15. gxf5 exf5 16. d3 b5 17. Bd2 Bb7 18. Qg3 Rfe8 19. c4 dxc3 20.
Bxc3 b4 21. Nc4 bxc3 22. bxc3 Bf8 0-1

[Event "9th Amplico Life Rapid"]
[Site "Warsaw POL"]
[Date "2009.12.19"]
[Round "2"]
[White "Kempinski,R"]
[Black "Pieczonka,M"]
[Result "1-0"]
[WhiteElo "2617"]
[BlackElo "2144"]
[EventDate "2009.12.19"]

1. d4 Nf6 2. c4 g6 3. g3 Bg7 4. Bg2 d6 5. Nf3 O-O 6. O-O c5 7. d5 e6 8. Nc3
a6 9. a4 exd5 10. cxd5 Re8 11. Re1 Bg4 12. Bf4 Nh5 13. Bg5 Qc8 14. Nd2 Qf5
15. Nce4 Bf8 16. f3 Bh3 17. g4 Bxg4 18. fxg4 Qxg4 19. e3 Qd7 20. Bf3 f5 21.
Bxh5 fxe4 22. Bg4 Qg7 23. Be6+ Rxe6 24. dxe6 Qe5 25. Qg4 d5 26. Rf1 Bg7 27.
Rab1 Nc6 28. Bf4 Qf5 29. Qxf5 gxf5 30. Bd6 Bh6 31. Bxc5 d4 32. Kh1 dxe3 33.
Nc4 f4 34. Rg1+ Kh8 35. Nd6 1-0

[Event "9th Amplico Life Rapid"]
[Site "Warsaw POL"]
[Date "2009.12.19"]
[Round "2"]
[White "Kaliszewski,T"]
[Black "Warakomski,T"]
[Result "0-1"]
[WhiteElo "2088"]
[BlackElo "2485"]
[EventDate "2009.12.19"]

1. d4 g6 2. Nf3 Bg7 3. g3 d6 4. Bg2 f5 5. O-O Nf6 6. c4 O-O 7. Nc3 c6 8. b3
Qa5 9. Bb2 e5 10. dxe5 dxe5 11. Qc2 e4 12. Nd4 a6 13. Qc1 c5 14. Nc2 Be6
15. f3 exf3 16. exf3 Nc6 17. Re1 Bf7 18. a3 Qc7 19. Qe3 f4 20. Qxc5 fxg3
21. Nd5 Bxd5 22. cxd5 gxh2+ 23. Kh1 Nd7 24. Qc4 Nb6 25. Qc5 Bxb2 26. Rab1
Rf5 27. Ne3 Bd4 28. Qc2 Bxe3 29. dxc6 Bf4 30. Bh3 Rf6 31. Be6+ Kg7 32. Qb2
bxc6 33. Re4 Raf8 34. Rbe1 Kh6 35. Qg2 Re8 36. a4 a5 37. Qh3+ Kg7 38. Bg8
Rxe4 39. Rxe4 Kxg8 40. Re8+ Kg7 0-1

[Event "9th Amplico Life Rapid"]
[Site "Warsaw POL"]
[Date "2009.12.19"]
[Round "2"]
[White "Azarov,S"]
[Black "Congiu,M"]
[Result "1-0"]
[WhiteElo "2622"]
[BlackElo "2149"]
[EventDate "2009.12.19"]

1. e4 e5 2. Nf3 Nc6 3. Bb5 a6 4. Ba4 Nf6 5. O-O Bc5 6. c3 b5 7. Bb3 O-O 8.
d4 Bb6 9. Nxe5 Nxe4 10. Bd5 Nf6 11. Nxc6 dxc6 12. Bxc6 Rb8 13. Bf3 b4 14.
Bg5 Bf5 15. Nd2 bxc3 16. bxc3 Ba5 17. Rc1 Bd3 18. Re1 Rb5 19. Re5 h6 20.
Bxf6 Qxf6 21. Nb3 Rd8 22. Rxb5 1-0

[Event "9th Amplico Life Rapid"]
[Site "Warsaw POL"]
[Date "2009.12.19"]
[Round "2"]
[White "Czarnota,P"]
[Black "Derieux,C"]
[Result "1-0"]
[WhiteElo "2528"]
[BlackElo "2112"]
[EventDate "2009.12.19"]

1. e4 c5 2. Nf3 d6 3. d4 Nf6 4. Nc3 cxd4 5. Nxd4 g6 6. Be3 Bg7 7. f3 Nc6 8.
Qd2 O-O 9. g4 Be6 10. O-O-O Ne5 11. Nxe6 fxe6 12. Be2 Qc8 13. h4 Nfd7 14.
f4 Nc4 15. Bxc4 Qxc4 16. e5 Nxe5 17. fxe5 Bxe5 18. Kb1 Rac8 19. Bd4 Bxd4
20. Qxd4 a6 21. Qb6 Rf4 22. Qxb7 Rc7 23. Qb8+ Rc8 24. Qa7 Rc7 25. Qe3 Rxg4
26. h5 g5 27. h6 Rf4 28. Rhg1 Rc5 29. Rd3 Rcf5 30. b3 Qc5 31. Qxe6+ Kf8 32.
Re1 Re5 33. Rxe5 Qxe5 34. Qxe5 dxe5 35. Rg3 g4 36. Nd5 1-0

[Event "9th Amplico Life Rapid"]
[Site "Warsaw POL"]
[Date "2009.12.19"]
[Round "2"]
[White "Pokojska,D"]
[Black "Hracek,Z"]
[Result "0-1"]
[WhiteElo "2145"]
[BlackElo "2624"]
[EventDate "2009.12.19"]

1. c4 c5 2. Nc3 g6 3. g3 Bg7 4. Bg2 Nc6 5. d3 d6 6. e4 Nf6 7. Nge2 O-O 8.
O-O Bg4 9. h3 Bxe2 10. Nxe2 Nd7 11. f4 a6 12. Rb1 b5 13. e5 Qc7 14. cxb5
axb5 15. d4 Rxa2 16. Nc3 Ra5 17. dxc5 dxc5 18. Nd5 Qc8 19. Bd2 Ra6 20. Rc1
Rd8 21. Qe2 e6 22. Nc3 Nd4 23. Qd1 c4 24. Be3 Nb3 25. Nxb5 Nxc1 26. Qxc1
Bf8 27. Na7 Qc7 28. Nb5 Qb8 29. Qxc4 Rc8 30. Qe2 Bc5 31. Bxc5 Rxc5 32. Nd6
Ra2 33. Nb7 Rc7 34. Qb5 Nc5 35. Nd6 Rxb2 36. Qa5 Nb3 37. Qa3 Rcc2 38. Be4
Qb6+ 0-1

[Event "9th Amplico Life Rapid"]
[Site "Warsaw POL"]
[Date "2009.12.19"]
[Round "2"]
[White "Olszewski,Mi"]
[Black "Winski,L"]
[Result "1-0"]
[WhiteElo "2541"]
[BlackElo "2115"]
[EventDate "2009.12.19"]

1. d4 Nf6 2. c4 e6 3. Nf3 Bb4+ 4. Nbd2 b6 5. a3 Bxd2+ 6. Qxd2 Bb7 7. e3 Ne4
8. Qc2 d6 9. Be2 Nd7 10. O-O O-O 11. b4 f5 12. d5 e5 13. Nd2 Nxd2 14. Bxd2
c6 15. dxc6 Bxc6 16. Bc3 Qg5 17. g3 f4 18. exf4 exf4 19. Qd2 Ne5 20. Qxd6
Nf3+ 21. Bxf3 Bxf3 22. Rae1 Rad8 23. Qe6+ Kh8 24. Re5 Qf6 25. Qxf6 gxf6 26.
Rf5 Rd3 27. Bxf6+ Kg8 28. Rxf4 Re8 29. Bd4 Rd8 30. Be3 Bc6 31. b5 Bb7 32.
a4 Rd1 33. g4 1-0

[Event "9th Amplico Life Rapid"]
[Site "Warsaw POL"]
[Date "2009.12.19"]
[Round "3"]
[White "Nguyen,P"]
[Black "Gashimov,V"]
[Result "0-1"]
[WhiteElo "2353"]
[BlackElo "2758"]
[EventDate "2009.12.19"]

1. f4 c5 2. Nf3 Nc6 3. g3 d6 4. Bg2 e5 5. d3 g6 6. O-O Bg7 7. c4 exf4 8.
gxf4 Nge7 9. Nc3 O-O 10. Nd5 Rb8 11. Rb1 b5 12. b3 bxc4 13. Nxe7+ Qxe7 14.
Ng5 Nd4 15. e3 Nb5 16. bxc4 Nc3 17. Rxb8 Nxd1 18. Rxd1 h6 19. Ne4 Bg4 20.
Rxf8+ Qxf8 21. Re1 Qb8 22. h3 Be6 23. Kf2 Qb1 24. Nxd6 Qxd3 25. Ne4 Qxc4
26. Bd2 Qxa2 27. Ra1 0-1

[Event "9th Amplico Life Rapid"]
[Site "Warsaw POL"]
[Date "2009.12.19"]
[Round "3"]
[White "Sudakova,I"]
[Black "Kurnosov,I"]
[Result "0-1"]
[WhiteElo "2350"]
[BlackElo "2666"]
[EventDate "2009.12.19"]

1. e4 c5 2. Ne2 Nf6 3. Nbc3 d6 4. g3 g6 5. Bg2 Bg7 6. O-O Nc6 7. d3 O-O 8.
f4 Rb8 9. h3 Bd7 10. g4 b5 11. Ng3 Nd4 12. Nce2 b4 13. f5 Ba4 14. Nxd4 cxd4
15. b3 Bb5 16. a3 bxa3 17. Rxa3 Qc7 18. Ne2 Rfc8 19. Ra2 Nd7 20. Nf4 Nb6
21. Qf3 Bd7 22. Bd2 e5 23. f6 Bf8 24. Ne2 Be6 25. Ng3 d5 26. exd5 Nxd5 27.
Ne4 Nb4 28. Bxb4 Bxb4 29. Ng5 Bd7 30. Qg3 h6 31. Nf3 Re8 32. Qh4 Bf8 33. g5
e4 34. dxe4 h5 35. Nd2 Qc3 36. Nc4 Be6 37. Rf3 Qb4 38. Bf1 Qc5 39. Ra5 Qc7
40. Ra6 Rb5 41. Rxe6 Rxe6 42. e5 Rbxe5 43. Nxe5 Rxe5 44. Qf4 Qc5 45. h4 d3+
46. Kh1 dxc2 47. b4 Qxb4 48. Qxe5 c1=Q 49. Qg3 Bd6 0-1

[Event "9th Amplico Life Rapid"]
[Site "Warsaw POL"]
[Date "2009.12.19"]
[Round "3"]
[White "Reizniece,D"]
[Black "Krasenkow,M"]
[Result "0-1"]
[WhiteElo "2341"]
[BlackElo "2656"]
[EventDate "2009.12.19"]

1. c4 e5 2. Nc3 d6 3. g3 f5 4. Bg2 Nf6 5. d3 g6 6. e4 Bg7 7. Nge2 O-O 8.
O-O c6 9. exf5 Bxf5 10. d4 e4 11. d5 c5 12. Bg5 Re8 13. h3 h5 14. Nf4 Nbd7
15. Ne6 Qb6 16. Na4 Qa6 17. Nc7 Qxc4 18. Nxa8 Rxa8 19. Nc3 Nb6 20. Rc1 Qb4
21. Bxf6 Bxf6 22. g4 hxg4 23. hxg4 Bd7 24. Nxe4 Be5 25. b3 Rf8 26. g5 Rf4
27. Re1 Kf7 28. Rc2 Rh4 29. Qd2 Bh2+ 30. Kf1 Bb5+ 31. Re2 Qxd2 32. Rcxd2
Bf4 33. Ke1 Bxe2 34. Rxe2 Nd7 35. Kf1 Nf8 36. Nc3 a6 37. Na4 Nd7 38. Nb2 b5
39. Nd3 Bxg5 40. Re6 Be7 41. Be4 Nf8 0-1

[Event "9th Amplico Life Rapid"]
[Site "Warsaw POL"]
[Date "2009.12.19"]
[Round "3"]
[White "Dragun,K"]
[Black "Dziuba,M"]
[Result "0-1"]
[WhiteElo "2284"]
[BlackElo "2573"]
[EventDate "2009.12.19"]

1. e4 c5 2. Nf3 d6 3. d4 cxd4 4. Nxd4 Nf6 5. Nc3 a6 6. Bg5 e6 7. f4 Qc7 8.
Bxf6 gxf6 9. Qd2 Nc6 10. O-O-O Bd7 11. Kb1 O-O-O 12. f5 h5 13. Nxc6 Qxc6
14. Qd4 Be7 15. Bc4 Qc5 16. Qd3 Kb8 17. Bb3 Bc8 18. Rhe1 Rdg8 19. Qh3 Rg4
20. Na4 Qf2 21. Qf3 Rxg2 22. Qxf2 Rxf2 23. Nb6 Rxh2 24. Nxc8 Kxc8 25. fxe6
fxe6 26. Bxe6+ Kb8 27. Rg1 h4 28. Rh1 Rxh1 29. Rxh1 Bd8 30. c3 Bb6 31. Kc2
Bf2 32. Rf1 Bg3 33. Bh3 Be5 34. Rg1 Bg3 35. Rf1 Rh6 36. Rf5 Be5 37. Kb3 Kc7
38. Kc4 Kc6 39. a4 Rh7 40. Rf2 Rg7 41. Rg2 Bg3 42. Rg1 Rg5 43. Be6 Rc5+ 44.
Kd3 Rh5 45. Bg4 Rh7 46. Bh3 d5 47. Bg2 Kd6 48. exd5 h3 49. Be4 Rg7 50. Rf1
Be5 51. Rf3 h2 52. Rh3 Rg1 53. c4 f5 54. Bf3 Rb1 55. Rh6+ Kc5 56. d6 Bxd6
57. Bxb7 Rxb2 58. Bd5 a5 59. Rh5 Rf2 60. Ke3 Rf1 61. Ke2 Ra1 62. Rxf5 Kb4
63. Rh5 Kxa4 64. c5 Bg3 65. Rh3 Rg1 66. c6 Kb5 67. Rh7 Kc5 68. Bf3 Re1+ 69.
Kd3 Rf1 70. Ke2 Re1+ 71. Kd3 Re8 72. Rh5+ Kb4 73. Rh3 Bf4 74. Bg2 Rd8+ 75.
Ke4 Bd6 76. Rh7 a4 77. Rb7+ Kc4 78. Kf5 Rg8 79. Be4 Re8 80. Bg2 a3 81. c7
Re5+ 82. Kf6 Rc5 83. Ke6 Bxc7 84. Rb1 a2 85. Rc1+ Kb4 86. Ra1 Ka3 0-1

[Event "9th Amplico Life Rapid"]
[Site "Warsaw POL"]
[Date "2009.12.19"]
[Round "3"]
[White "Worek,J"]
[Black "Urban,K"]
[Result "0-1"]
[WhiteElo "2226"]
[BlackElo "2478"]
[EventDate "2009.12.19"]

1. d4 Nf6 2. c4 d6 3. Nf3 Nbd7 4. Nc3 c6 5. g3 e5 6. e4 Be7 7. Bg2 O-O 8.
O-O a6 9. d5 cxd5 10. exd5 a5 11. b3 Nc5 12. Ba3 Qb6 13. Qc2 g6 14. Na4
Nxa4 15. bxa4 Qc7 16. Rac1 Nd7 17. Nd2 b6 18. Ne4 f5 19. Nd2 Nc5 20. Bxc5
Qxc5 21. Nb3 Qc7 22. c5 Ba6 23. cxd6 Qxd6 24. Rfd1 Rac8 25. Qd2 Rxc1 26.
Nxc1 Rc8 27. h4 Rc4 28. Bf1 Rd4 29. Qc2 Bxf1 30. Rxd4 exd4 31. Kxf1 Qxd5
32. Nd3 Kf7 33. Qe2 Qh1+ 0-1

[Event "9th Amplico Life Rapid"]
[Site "Warsaw POL"]
[Date "2009.12.19"]
[Round "3"]
[White "Moranda,W"]
[Black "Kantans,T"]
[Result "1-0"]
[WhiteElo "2579"]
[BlackElo "2281"]
[EventDate "2009.12.19"]

1. d4 e6 2. c4 b6 3. e4 Bb7 4. Bd3 f5 5. exf5 Bxg2 6. Qh5+ g6 7. fxg6 Bg7
8. gxh7+ Kf8 9. Ne2 Bxh1 10. Bg5 Nf6 11. Qh4 Nc6 12. Nf4 Nb4 13. Bg6 Bf3
14. Nd2 Bg4 15. Ne4 Nc2+ 16. Kf1 Nxd4 17. Bxf6 Bxf6 18. Nxf6 Nf3 19. Qh6+
Ke7 20. Qg7+ Kd6 21. Rd1+ Kc6 22. Be4+ d5 23. cxd5+ Kb5 24. Nxg4 e5 25.
Bxf3 1-0

[Event "9th Amplico Life Rapid"]
[Site "Warsaw POL"]
[Date "2009.12.19"]
[Round "3"]
[White "Mickiewicz,P"]
[Black "Gajewski,G"]
[Result "0-1"]
[WhiteElo "2276"]
[BlackElo "2561"]
[EventDate "2009.12.19"]

1. Nf3 Nf6 2. c4 e6 3. g3 d5 4. Bg2 d4 5. O-O c5 6. e3 Nc6 7. exd4 cxd4 8.
d3 Be7 9. a3 a5 10. Re1 O-O 11. Nbd2 Nd7 12. Rb1 a4 13. b4 axb3 14. Nxb3 e5
15. Qc2 f6 16. Nfd2 Qc7 17. Bd5+ Kh8 18. Bxc6 Qxc6 19. Nxd4 exd4 20. Rxe7
Ne5 21. f4 Qd6 22. Rexb7 Bxb7 23. Rxb7 Qc6 24. Re7 Ng4 25. Ne4 Rae8 26.
Rxe8 Rxe8 27. h3 f5 28. hxg4 fxe4 29. dxe4 Qxe4 30. Qxe4 Rxe4 31. Bd2 d3
32. Bb4 Rd4 33. Bd2 Rxc4 34. Kf2 Re4 35. Kf3 Re2 36. Bb4 Kg8 37. g5 Kf7 38.
g4 Kg6 39. Bc5 Rh2 40. f5+ Kf7 0-1

[Event "9th Amplico Life Rapid"]
[Site "Warsaw POL"]
[Date "2009.12.19"]
[Round "3"]
[White "Bartel,Mat"]
[Black "Solys,L"]
[Result "1-0"]
[WhiteElo "2618"]
[BlackElo "2303"]
[EventDate "2009.12.19"]

1. e4 e5 2. Nf3 Nc6 3. Bb5 a6 4. Ba4 Nf6 5. Qe2 Qe7 6. c3 g6 7. d3 Bg7 8.
Nbd2 O-O 9. Nf1 h6 10. Ng3 d6 11. O-O b5 12. Bb3 Be6 13. h3 d5 14. Re1 Rfd8
15. Bd2 dxe4 16. Nxe4 Nxe4 17. dxe4 Na5 18. Bxe6 Qxe6 19. b3 c5 20. c4 b4
21. Qe3 Bf8 22. a3 Nc6 23. axb4 cxb4 24. Qe2 Nd4 25. Nxd4 Rxd4 26. Be3 Rxe4
27. f3 Rh4 28. Bf2 Rf4 29. Ra5 Bg7 30. Qd2 Qc6 31. Qxb4 e4 32. Bg3 Bd4+ 33.
Kh2 Qf6 34. Qd2 e3 35. Rxe3 Bxe3 36. Qxe3 Rf5 37. Rxf5 Qxf5 38. Qxh6 Re8
39. Qd2 Qc5 40. Qd7 Re2 41. Qd8+ Kg7 42. h4 Qf5 43. Qd4+ Kh7 44. Qc3 Rc2
45. Qe3 Ra2 46. Be5 a5 47. Bd4 Qe6 48. Qf4 Re2 49. Bc3 Re3 50. Qd4 Rxc3 51.
Qxc3 Kg8 52. c5 Qc6 1-0